000 00837 a2200241 4500
003 Nust
005 20170207153052.0
010 _a 2001094371
020 _a8181472071 (alk. paper)
040 _cNust
082 0 0 _a621.3827
100 1 _aRamaswami, Rajiv.
245 1 0 _aOptical networks :
_ba practical perspective /
_cRajiv Ramaswami, Kumar N. Sivarajan.
250 _a2nd ed.
260 _aSan Francisco :
_bMorgan Kaufmann Publishers,
_cc2002.
300 _axxix, 831 p. :
_bill. ;
_c25 cm.
440 4 _aThe Morgan Kaufmann series in networking
650 0 _aFiber optics.
650 0 _aOptical communications.
700 1 _aSivarajan, Kumar N.
856 4 2 _3Publisher description
_uhttp://www.loc.gov/catdir/description/els031/2001094371.html
856 4 2 _3Table of contents
_uhttp://www.loc.gov/catdir/toc/els031/2001094371.html
942 _2ddc
_cBK
999 _c178719
_d178719